000 00319nam a22001337a 4500
008 171017b xxu||||| |||| 00| 0 eng d
020 _a0137244274
041 _aeng
080 _a338
100 _a53
101 _aMEN
245 _aPRODUCTION MANAGER'S HANDBOOK OF FORMULAS AND TABLES
_cZEYHER,L.R
942 _2udc
_cBK
999 _c34516
_d34516